| 000 | 00493nam a22001697a 4500 | ||
|---|---|---|---|
| 999 |
_c60883 _d60883 |
||
| 005 | 20231114161046.0 | ||
| 008 | 231114s1993 gw ||||| |||| 00| 0 ger d | ||
| 020 | _a3929140012 | ||
| 041 | _ager | ||
| 080 | _a902/904 S-20 | ||
| 100 |
_aSangmeister, E. _920370 |
||
| 245 |
_aZeitspuren : _bArchäologisches aus Baden / _cSangmeister E. |
||
| 264 |
_aFreiburg, _bKehrer, _c1993. |
||
| 300 |
_a238 p.: _bill.; _c24 cm. |
||
| 653 | _aარქეოლოგია | ||
| 942 |
_2udc _cᲬᲘᲒᲜᲘ |
||